[Event "TCh-FRA Top 12 2021"]
[Site "Chalons en Champagne FRA"]
[Date "2021.07.01"]
[Round "8.6"]
[Board "4"]
[White "Movsesian, Sergei"]
[Black "Le Pen, Steven"]
[Result "1-0"]
[WhiteTitle "GM"]
[WhiteElo "2647"]
[BlackElo "2107"]
[WhiteTeam "Asnieres Le Grand Echiquier"]
[BlackTeam "Echiquier de l'Erdre"]
[WhiteFideId "310204"]
[BlackFideId "612197"]
[EventDate "2021.06.24"]

1. e4 e5 2. Nf3 d6 3. Nc3 Nf6 4. d4 exd4 5. Nxd4 Be7 6. g3 d5 7. e5 Ng4 8. Bg2
O-O 9. O-O c5 10. Ndb5 d4 11. Nd5 Nc6 12. f4 Nh6 13. Bd2 Nf5 14. c4 a6 15. Nbc7
Rb8 16. Qe2 f6 17. Rae1 fxe5 18. fxe5 Bd7 19. e6 Be8 20. g4 Nd6 21. Rxf8+ Kxf8
22. Bg5 Kg8 23. Nxe7+ Nxe7 24. Nd5 Ndc8 25. Qe5 Ra8 26. Bh6 1-0

[Event "TCh-FRA Top 12 2021"]
[Site "Chalons en Champagne FRA"]
[Date "2021.07.01"]
[Round "8.6"]
[Board "5"]
[White "Jaouen, Valentin"]
[Black "Degraeve, Jean-Marc"]
[Result "0-1"]
[BlackTitle "GM"]
[WhiteElo "2112"]
[BlackElo "2527"]
[WhiteTeam "Echiquier de l'Erdre"]
[BlackTeam "Asnieres Le Grand Echiquier"]
[WhiteFideId "20631294"]
[BlackFideId "600270"]
[EventDate "2021.06.24"]

1. e4 e5 2. Nf3 Nc6 3. Bb5 Nge7 4. O-O g6 5. d4 exd4 6. Nxd4 Bg7 7. Be3 O-O 8.
Nc3 d5 9. Nxd5 Nxd5 10. exd5 Qxd5 11. Bxc6 bxc6 12. c3 a5 13. Qa4 Bb7 14. Rad1
c5 15. Nf3 Qh5 16. Qf4 Ra6 17. g4 Qh3 18. Qg3 Qxg3+ 19. fxg3 Rd6 20. Rd2 Rfd8
21. Rff2 c4 22. Bf4 Rd3 23. Ne1 R3d7 24. Rxd7 Rxd7 25. Rd2 Rxd2 26. Bxd2 a4 27.
Nc2 Bc8 28. h3 Kf8 29. Bf4 c6 30. Kf2 Ke7 31. Ke3 Ke6 32. a3 c5 33. Ke2 h6 34.
Ne3 g5 35. Bb8 Bf8 36. Kf2 Ba6 37. Ke1 Bb5 38. Kf2 Ba6 39. Ke1 f6 40. Kf2 Kd7
41. Nd5 Bb7 42. Nb6+ Kc6 43. Ba7 Kb5 44. Nd7 Be7 45. h4 Bc8 46. Nb8 Bxg4 47.
hxg5 fxg5 48. Kg2 h5 49. Kf2 h4 50. gxh4 gxh4 0-1

[Event "TCh-FRA Top 12 2021"]
[Site "Chalons en Champagne FRA"]
[Date "2021.07.01"]
[Round "8.6"]
[Board "6"]
[White "Cornette, Matthieu"]
[Black "De Pierrefeu, Thibaut"]
[Result "1-0"]
[WhiteTitle "GM"]
[WhiteElo "2566"]
[BlackElo "2205"]
[WhiteTeam "Asnieres Le Grand Echiquier"]
[BlackTeam "Echiquier de l'Erdre"]
[WhiteFideId "620084"]
[BlackFideId "2109093"]
[EventDate "2021.06.24"]

1. d4 Nf6 2. Nf3 e6 3. Bf4 c5 4. e3 cxd4 5. exd4 Nc6 6. Nbd2 Be7 7. h3 O-O 8. c3
d6 9. Bh2 e5 10. dxe5 dxe5 11. Nxe5 Nxe5 12. Bxe5 Bc5 13. Be2 Re8 14. Nf3 Qb6
15. O-O Ne4 16. Qe1 Qg6 17. Kh1 Bxh3 18. gxh3 Qf5 19. Bh2 Re6 20. Nd4 Bxd4 21.
cxd4 Qxh3 22. Rg1 Qh4 23. Rg2 Ng5 24. f4 Qxe1+ 25. Rxe1 Nf3 26. Rd1 Nh4 27. Rf2
Rae8 28. Bb5 1-0

[Event "TCh-FRA Top 12 2021"]
[Site "Chalons en Champagne FRA"]
[Date "2021.07.01"]
[Round "8.6"]
[Board "7"]
[White "Prodhomme, Boris"]
[Black "Goldsztejn, Gildas"]
[Result "0-1"]
[BlackTitle "IM"]
[WhiteElo "2031"]
[BlackElo "2422"]
[WhiteTeam "Echiquier de l'Erdre"]
[BlackTeam "Asnieres Le Grand Echiquier"]
[WhiteFideId "640034"]
[BlackFideId "612375"]
[EventDate "2021.06.24"]

1. d4 Nf6 2. c4 c5 3. d5 e6 4. Nc3 exd5 5. cxd5 d6 6. e4 g6 7. Nf3 a6 8. a4 Bg4
9. Bg5 Nbd7 10. Be2 Bxf3 11. gxf3 Bg7 12. a5 O-O 13. Qd2 Re8 14. Bh6 Bh8 15. h4
b5 16. axb6 Qxb6 17. h5 Ne5 18. f4 Neg4 19. f3 Nxh6 20. hxg6 Bg7 21. gxh7+ Nxh7
22. O-O-O Kh8 23. f5 Ng8 24. Rh3 Rab8 25. Rdh1 Nf6 26. Bc4 Kg8 27. Rg1 Qb4 28.
Rxg7+ Kf8 29. Ba2 Qd4 30. Rgxh7 Qxd2+ 31. Kxd2 Nxh7 32. Rxh7 Rxb2+ 33. Ke3 Ke7
34. Bc4 Rb4 35. Kd3 Rg8 36. Bxa6 Rg3 37. Ke3 Rb3 38. Kf4 Rg2 39. Nb5 Rf2 40. Rh3
Ra2 41. Nc7 Raa3 42. Be2 Rb2 43. Bb5 c4 44. Rh8 c3 45. Re8+ Kf6 46. Rc8 Ke7 47.
Ne8 Rxb5 48. f6+ Kd7 49. Nxd6 Kxd6 50. e5+ Kxd5 51. Rd8+ Kc4 52. e6 fxe6 0-1

[Event "TCh-FRA Top 12 2021"]
[Site "Chalons en Champagne FRA"]
[Date "2021.07.01"]
[Round "8.6"]
[Board "8"]
[White "Guichard, Pauline"]
[Black "Ruhlmann, Helene"]
[Result "1/2-1/2"]
[WhiteTitle "IM"]
[WhiteElo "2413"]
[BlackElo "1816"]
[WhiteTeam "Asnieres Le Grand Echiquier"]
[BlackTeam "Echiquier de l'Erdre"]
[WhiteFideId "639370"]
[BlackFideId "20643209"]
[EventDate "2021.06.24"]

1. c4 e5 2. Nc3 Nf6 3. d4 Nc6 4. e3 Be7 5. Nf3 exd4 6. exd4 d5 7. cxd5 Nxd5 8.
Bb5 O-O 9. O-O Bg4 10. Bxc6 bxc6 11. Qd3 Nxc3 12. bxc3 Bxf3 13. Qxf3 c5 14. d5
Bf6 15. Bf4 Qd7 16. Rab1 Rab8 17. h3 Rb6 18. c4 Rfb8 19. Rb3 Rc8 20. Re1 Kf8 21.
Qe4 Kg8 22. Bxc7 Rcb8 1/2-1/2

[Event "TCh-FRA Top 12 2021"]
[Site "Chalons en Champagne FRA"]
[Date "2021.07.02"]
[Round "9.1"]
[Board "1"]
[White "Alekseenko, Kirill"]
[Black "Alonso Rosell, Alvar"]
[Result "1-0"]
[WhiteTitle "GM"]
[BlackTitle "GM"]
[WhiteElo "2699"]
[BlackElo "2572"]
[WhiteTeam "Asnieres Le Grand Echiquier"]
[BlackTeam "Club 608 Paris"]
[WhiteFideId "4135539"]
[BlackFideId "2270544"]
[EventDate "2021.06.24"]

1. e4 e5 2. Nf3 Nc6 3. Bb5 a6 4. Ba4 d6 5. O-O Bd7 6. c4 Nf6 7. Nc3 Be7 8. Bxc6
bxc6 9. d4 exd4 10. Qxd4 c5 11. Qd3 O-O 12. Bf4 Bc6 13. Rad1 Re8 14. Rfe1 Nd7
15. b3 Bf6 16. Nd5 g6 17. h3 Bg7 18. Bg5 f6 19. Bd2 a5 20. a4 Nb8 21. Bc3 Bb7
22. h4 Nc6 23. Qd2 Nb4 24. h5 Bxd5 25. exd5 Qd7 26. Bxb4 axb4 27. Rxe8+ Rxe8 28.
Re1 Kf7 29. Rxe8 Kxe8 30. Qd3 Qg4 31. hxg6 hxg6 32. a5 Kd8 33. a6 Kc8 34. Qe3
Kb8 35. Qe7 Bh6 36. Qd8+ 1-0

[Event "TCh-FRA Top 12 2021"]
[Site "Chalons en Champagne FRA"]
[Date "2021.07.02"]
[Round "9.1"]
[Board "2"]
[White "Song, Julien"]
[Black "Oparin, Grigoriy"]
[Result "0-1"]
[WhiteTitle "IM"]
[BlackTitle "GM"]
[WhiteElo "2328"]
[BlackElo "2654"]
[WhiteTeam "Club 608 Paris"]
[BlackTeam "Asnieres Le Grand Echiquier"]
[WhiteFideId "659487"]
[BlackFideId "24125890"]
[EventDate "2021.06.24"]

1. d4 Nf6 2. c4 e6 3. Nf3 d5 4. g3 Bb4+ 5. Bd2 Be7 6. Bg2 O-O 7. O-O c6 8. Bc3
a5 9. Nbd2 Nbd7 10. a4 b6 11. Qc2 Ba6 12. b3 c5 13. Rfd1 Rc8 14. Rac1 cxd4 15.
Nxd4 e5 16. Nf5 d4 17. Nxe7+ Qxe7 18. Bb2 Rfd8 19. Re1 Nc5 20. e3 dxe3 21. Rxe3
Ng4 22. Re2 Nd3 23. Rf1 f6 24. Ne4 Bb7 25. Rd2 Nb4 26. Rxd8+ Rxd8 27. Qe2 f5 28.
Nc3 e4 29. h3 Ne5 30. Nb5 Rd3 31. Nd4 Qd7 32. Rd1 Nec6 33. Rxd3 exd3 34. Qe3
Nxd4 35. Bxd4 Bxg2 36. Kxg2 Nc2 37. Qxd3 Nxd4 0-1

[Event "TCh-FRA Top 12 2021"]
[Site "Chalons en Champagne FRA"]
[Date "2021.07.02"]
[Round "9.1"]
[Board "3"]
[White "Gozzoli, Yannick"]
[Black "Iglesias, Joachim"]
[Result "1-0"]
[WhiteTitle "GM"]
[BlackTitle "FM"]
[WhiteElo "2600"]
[BlackElo "2259"]
[WhiteTeam "Asnieres Le Grand Echiquier"]
[BlackTeam "Club 608 Paris"]
[WhiteFideId "616915"]
[BlackFideId "637823"]
[EventDate "2021.06.24"]

1. d4 d5 2. Nf3 Nf6 3. c4 c6 4. Nc3 a6 5. c5 Bf5 6. Bf4 Nbd7 7. e3 Nh5 8. Be5 f6
9. Bg3 e5 10. Nh4 Bg6 11. Nxg6 hxg6 12. Qc2 Rh6 13. O-O-O Nxg3 14. fxg3 f5 15.
Kb1 Qc7 16. g4 fxg4 17. Be2 Nf6 18. h3 gxh3 19. gxh3 e4 20. Rdg1 Be7 21. Nd1 Kf7
22. Nf2 b6 23. cxb6 Qxb6 24. Rc1 Rb8 25. Nd1 Rc8 26. Nc3 Rc7 27. Na4 Qa5 28. Bd1
g5 29. Qg2 Nd7 30. Bb3 Ke8 31. Nc3 Rb7 32. h4 Rxb3 33. axb3 gxh4 34. Qxg7 Re6
35. Rcf1 Bf6 36. Qg8+ Ke7 37. Ne2 Qd8 38. Qh7+ Kd6 39. Nf4 Re7 40. Qf5 Qe8 41.
Rc1 Rg7 42. Nh5 1-0

[Event "TCh-FRA Top 12 2021"]
[Site "Chalons en Champagne FRA"]
[Date "2021.07.02"]
[Round "9.1"]
[Board "4"]
[White "Ramirez Garcia, Jorge Alberto"]
[Black "Cornette, Matthieu"]
[Result "0-1"]
[WhiteTitle "FM"]
[BlackTitle "GM"]
[WhiteElo "2305"]
[BlackElo "2566"]
[WhiteTeam "Club 608 Paris"]
[BlackTeam "Asnieres Le Grand Echiquier"]
[WhiteFideId "5108101"]
[BlackFideId "620084"]
[EventDate "2021.06.24"]

1. e4 c5 2. Nf3 d6 3. d4 cxd4 4. Nxd4 Nf6 5. Nc3 Nc6 6. Bg5 e6 7. Qd2 a6 8.
O-O-O Bd7 9. f4 Be7 10. Be2 Nxd4 11. Qxd4 Bc6 12. Kb1 O-O 13. Bf3 Qa5 14. Qe3
Rac8 15. e5 dxe5 16. fxe5 Nd5 17. Nxd5 Bxg5 18. Qxg5 Bxd5 19. Bxd5 exd5 20. Rd3
Rfe8 21. c3 Rc6 22. Rhd1 Rg6 23. Qh5 Rxg2 24. e6 Rxe6 25. Rxd5 Qa4 26. Rd8+ Re8
27. Ka1 g6 28. Rxe8+ Qxe8 29. Qh4 Re2 30. a3 Kg7 31. Rd5 Qe4 32. Qxe4 Rxe4 33.
Rd7 Rh4 34. Rxb7 Rxh2 35. c4 h5 36. c5 Rc2 37. b4 h4 38. Rd7 h3 39. Kb1 Rg2 0-1

[Event "TCh-FRA Top 12 2021"]
[Site "Chalons en Champagne FRA"]
[Date "2021.07.02"]
[Round "9.1"]
[Board "5"]
[White "Moussard, Jules"]
[Black "Solakian-Van Eyll, Jerome"]
[Result "1-0"]
[WhiteTitle "GM"]
[BlackTitle "CM"]
[WhiteElo "2635"]
[BlackElo "2285"]
[WhiteTeam "Asnieres Le Grand Echiquier"]
[BlackTeam "Club 608 Paris"]
[WhiteFideId "642908"]
[BlackFideId "608050"]
[EventDate "2021.06.24"]

1. c4 e6 2. Nf3 d5 3. g3 Nf6 4. Bg2 dxc4 5. Qa4+ Bd7 6. Qxc4 c5 7. Ne5 Qc8 8.
Qd3 Nc6 9. Nxd7 Nxd7 10. Nc3 Be7 11. b3 O-O 12. Bb2 Rd8 13. Rc1 Nf6 14. Qb1 Qd7
15. d3 Rac8 16. O-O b6 17. Rfd1 Ne8 18. e3 Nd6 19. a3 Bf6 20. Ba1 Nf5 21. b4
cxb4 22. axb4 h5 23. d4 Nce7 24. Ne4 Nd5 25. Nxf6+ Nxf6 26. Rxc8 Qxc8 27. d5
Nxd5 28. e4 Nfe3 29. Rc1 Qb7 30. Qb2 f6 31. Bf3 b5 32. exd5 Nxd5 33. Qe2 1-0

[Event "TCh-FRA Top 12 2021"]
[Site "Chalons en Champagne FRA"]
[Date "2021.07.02"]
[Round "9.1"]
[Board "6"]
[White "Degraeve, Jean-Marc"]
[Black "Sohier, Julien"]
[Result "1-0"]
[WhiteTitle "GM"]
[BlackTitle "FM"]
[WhiteElo "2527"]
[BlackElo "2218"]
[WhiteTeam "Asnieres Le Grand Echiquier"]
[BlackTeam "Club 608 Paris"]
[WhiteFideId "600270"]
[BlackFideId "645346"]
[EventDate "2021.06.24"]

1. e4 e5 2. Nf3 Nc6 3. Bb5 Nge7 4. c3 a6 5. Ba4 d6 6. d4 Bd7 7. Bg5 b5 8. Bb3 h6
9. Be3 Ng6 10. O-O Be7 11. Nbd2 Bg5 12. a4 Bxe3 13. fxe3 O-O 14. Qe1 Na5 15. Bc2
c5 16. Qg3 Qc7 17. h4 cxd4 18. exd4 b4 19. cxb4 Qxc2 1-0

[Event "TCh-FRA Top 12 2021"]
[Site "Chalons en Champagne FRA"]
[Date "2021.07.02"]
[Round "9.1"]
[Board "7"]
[White "Goldsztejn, Gildas"]
[Black "Hirth, Julien"]
[Result "1-0"]
[WhiteTitle "IM"]
[WhiteElo "2422"]
[BlackElo "2048"]
[WhiteTeam "Asnieres Le Grand Echiquier"]
[BlackTeam "Club 608 Paris"]
[WhiteFideId "612375"]
[BlackFideId "636606"]
[EventDate "2021.06.24"]

1. e4 d6 2. d4 Nf6 3. Nc3 e5 4. Nge2 Be7 5. g3 c6 6. a4 Nbd7 7. Bg2 b6 8. O-O a6
9. h3 h5 10. f4 Bb7 11. fxe5 dxe5 12. d5 Bc5+ 13. Kh1 Ng4 14. Qe1 b5 15. b4 Bb6
16. dxc6 Bxc6 17. Nd5 Rc8 18. Nxb6 Qxb6 19. a5 Qa7 20. Ra3 Ndf6 21. Nc3 Qd4 22.
Ne2 Qa7 23. Rc3 Bb7 24. Rxc8+ Bxc8 25. Nc3 Bb7 26. Nd5 Nxd5 27. exd5 f6 28. c3
Ke7 29. Qe4 Kd6 30. Qf5 Bc8 31. Qc2 Bb7 32. Be4 Bxd5 33. Bxd5 Kxd5 34. hxg4
hxg4+ 35. Kg2 Qb7 36. Re1 Ke6+ 37. Qe4 Qd7 38. Qxg4+ Ke7 39. Qxg7+ 1-0

[Event "TCh-FRA Top 12 2021"]
[Site "Chalons en Champagne FRA"]
[Date "2021.07.02"]
[Round "9.1"]
[Board "8"]
[White "Auvray, Juliette"]
[Black "Guichard, Pauline"]
[Result "1-0"]
[BlackTitle "IM"]
[WhiteElo "2010"]
[BlackElo "2413"]
[WhiteTeam "Club 608 Paris"]
[BlackTeam "Asnieres Le Grand Echiquier"]
[WhiteFideId "695904"]
[BlackFideId "639370"]
[EventDate "2021.06.24"]

1. e4 e5 2. Nf3 Nc6 3. d4 exd4 4. Bc4 Nf6 5. O-O Nxe4 6. Re1 d5 7. Bxd5 Qxd5 8.
Nc3 Qh5 9. Nxe4 Be6 10. Bg5 Bd6 11. Nxd6+ cxd6 12. Bf4 Qd5 13. c3 Qf5 14. cxd4
O-O 15. Bxd6 Rfd8 16. Bg3 Rd5 17. Qb3 Rb5 18. Qc3 Rd8 19. b3 f6 20. Rab1 Qd5 21.
Re3 Bg4 22. a4 Rb4 23. Rbe1 Bxf3 24. Rxf3 Qxd4 25. h3 Qxc3 26. Rxc3 Kf7 27. Ree3
Rd1+ 28. Kh2 h5 29. Rcd3 Rxd3 30. Rxd3 Rd4 31. Rxd4 Nxd4 32. b4 a6 33. Bd6 Ne2
34. g3 Nc3 35. a5 Ne4 36. Bc7 Nxf2 37. Kg2 Nd3 38. Bd6 Ke6 39. Bf8 g5 40. Kf3
Kd5 41. Be7 Ne5+ 42. Ke3 Ke6 43. Bc5 Nc6 44. Ke4 Ne5 45. Ke3 f5 46. Bd4 Ng6 47.
Kf3 h4 48. Be3 hxg3 49. Bxg5 f4 50. Bd8 Kf5 1-0

[Event "TCh-FRA Top 12 2021"]
[Site "Chalons en Champagne FRA"]
[Date "2021.07.02"]
[Round "9.2"]
[Board "1"]
[White "Anton Guijarro, David"]
[Black "Dourerassou, Jonathan"]
[Result "1-0"]
[WhiteTitle "GM"]
[BlackTitle "GM"]
[WhiteElo "2673"]
[BlackElo "2477"]
[WhiteTeam "Echiquier Chalonnais"]
[BlackTeam "US Villejuif Echecs"]
[WhiteFideId "2285525"]
[BlackFideId "628050"]
[EventDate "2021.06.24"]

1. Nf3 d5 2. c4 e6 3. g3 Nf6 4. Bg2 Be7 5. O-O O-O 6. b3 b6 7. cxd5 Nxd5 8. Bb2
Bb7 9. d4 c5 10. dxc5 Bxc5 11. Nbd2 Qe7 12. a3 a5 13. b4 axb4 14. axb4 Bxb4 15.
Rxa8 Bxa8 16. Qa1 Nd7 17. Bxg7 Rc8 18. Bh6 Nc3 19. Nd4 Bxg2 20. Kxg2 Qf6 21. Be3
Nd5 22. Qa6 Rf8 23. N2f3 Ne5 24. Bg5 Qg7 25. e4 Nc3 26. Qxb6 Nxe4 27. Qxb4 Nxf3
28. Be7 Nxd4 29. Bxf8 Qxf8 30. Qxd4 Qa8 31. f3 1-0

[Event "TCh-FRA Top 12 2021"]
[Site "Chalons en Champagne FRA"]
[Date "2021.07.02"]
[Round "9.2"]
[Board "2"]
[White "Sochacki, Christophe"]
[Black "Fedorchuk, Sergey A."]
[Result "0-1"]
[WhiteTitle "IM"]
[BlackTitle "GM"]
[WhiteElo "2494"]
[BlackElo "2616"]
[WhiteTeam "US Villejuif Echecs"]
[BlackTeam "Echiquier Chalonnais"]
[WhiteFideId "662569"]
[BlackFideId "14102536"]
[EventDate "2021.06.24"]

1. e4 c5 2. Nf3 e6 3. d4 cxd4 4. Nxd4 a6 5. Nc3 Qc7 6. Bd3 Nf6 7. Qe2 d6 8. g4
b5 9. g5 Nfd7 10. f4 Nc5 11. a3 Bb7 12. h4 Nc6 13. Nxc6 Bxc6 14. Bd2 Be7 15. Rh3
O-O 16. h5 Nxd3+ 17. cxd3 a5 18. Rc1 Qd7 19. Qg4 f5 20. gxf6 Bxf6 21. Nd1 Rf7
22. Rg3 Bb7 23. Ke2 Kh8 24. Rc2 b4 25. axb4 axb4 26. b3 d5 27. e5 Be7 28. d4 Bf8
29. Kf2 Ba6 30. Rb2 Qb5 31. Ne3 Qd3 32. Qxe6 Rxf4+ 33. Kg1 Qxd4 34. Rc2 Bd3 35.
Rc1 Bf5 36. Qxd5 Qxd5 37. Nxd5 Rd4 38. Ne3 Be6 39. Be1 Bxb3 40. Rb1 Ba2 41. Nc2
Rc4 42. Rb2 b3 43. Ne3 Rc1 44. Ng2 Bc5+ 45. Kh2 Bd4 0-1

[Event "TCh-FRA Top 12 2021"]
[Site "Chalons en Champagne FRA"]
[Date "2021.07.02"]
[Round "9.2"]
[Board "3"]
[White "Grandelius, Nils"]
[Black "Eden, James"]
[Result "1-0"]
[WhiteTitle "GM"]
[BlackTitle "IM"]
[WhiteElo "2670"]
[BlackElo "2294"]
[WhiteTeam "Echiquier Chalonnais"]
[BlackTeam "US Villejuif Echecs"]
[WhiteFideId "1710400"]
[BlackFideId "666491"]
[EventDate "2021.06.24"]

1. e4 e5 2. Nf3 Nc6 3. Bc4 Nf6 4. d4 exd4 5. e5 d5 6. Bb5 Ne4 7. Nxd4 Bd7 8.
Bxc6 bxc6 9. O-O Bc5 10. f3 Ng5 11. f4 Ne4 12. Be3 O-O 13. Nd2 Nxd2 14. Qxd2 f6
15. Rae1 fxe5 16. fxe5 Rxf1+ 17. Rxf1 Qe7 18. e6 Bxd4 19. Bxd4 Qxe6 20. Re1 Qf7
21. h3 Bf5 22. Re3 a6 23. Qc3 Qd7 24. Rg3 g6 25. b4 Re8 26. Qd2 Re4 27. c3 Qe7
28. Kh2 Re2 29. Qf4 Qd6 30. Qh6 Qe7 31. Qh5 Bc2 32. a4 Re1 33. Qg4 Qe6 34. Qg5
Qe7 35. Qd2 Re2 36. Qf4 Qf7 37. Qg5 Qe7 38. Bf6 Qe6 39. Bd4 Qe7 40. Qh6 Qf8 41.
Qh5 Qe7 42. b5 Bd1 43. Qf5 cxb5 44. Qxd5+ Qf7 45. Qb7 c5 46. Qc8+ Qf8 47. Qxf8+
Kxf8 48. Bxc5+ Kf7 49. axb5 axb5 50. Rd3 Bc2 51. Rd7+ Kf6 52. Kg1 h5 53. Kf1 Bf5
54. Rd6+ Re6 55. Rd8 Be4 56. Kf2 Ra6 57. g3 Bf5 58. h4 Bg4 59. Ke3 Kf5 60. Rd5+
Ke6 61. Kd4 Ra2 62. Re5+ Kd7 63. Bb4 Kc6 64. Rc5+ Kb6 65. Rg5 Bf5 66. g4 Bxg4
67. Rxg6+ Kb7 68. Kc5 Be2 69. Rg7+ Ka6 70. Kc6 Bf3+ 71. Kc7 Rg2 72. Rf7 1-0

[Event "TCh-FRA Top 12 2021"]
[Site "Chalons en Champagne FRA"]
[Date "2021.07.02"]
[Round "9.2"]
[Board "4"]
[White "Dutreuil, Raphael"]
[Black "Jones, Gawain C B"]
[Result "0-1"]
[WhiteTitle "FM"]
[BlackTitle "GM"]
[WhiteElo "2309"]
[BlackElo "2677"]
[WhiteTeam "US Villejuif Echecs"]
[BlackTeam "Echiquier Chalonnais"]
[WhiteFideId "20630999"]
[BlackFideId "409561"]
[EventDate "2021.06.24"]

1. d4 g6 2. g3 Bg7 3. Bg2 c5 4. c3 Qc7 5. Nf3 Nf6 6. O-O O-O 7. a4 d6 8. Re1 e5
9. Na3 cxd4 10. cxd4 e4 11. Ng5 Qe7 12. d5 Bf5 13. f3 Na6 14. Nc4 Rac8 15. Ne3
Nb4 16. Bd2 Nbxd5 17. Nxd5 Nxd5 18. fxe4 Bd4+ 19. Kh1 Ne3 20. Bxe3 Bxe3 21. exf5
Bxg5 22. Qd5 b6 23. Rad1 Rfd8 24. fxg6 hxg6 25. Rf1 Kg7 26. Rf3 Rc5 27. Qd3 Re5
28. Rdf1 f5 29. R3f2 Be3 30. Rf3 Rc8 31. Rd1 d5 32. a5 bxa5 33. Qa6 Rc5 34. Rff1
d4 35. Ra1 Re6 36. Qd3 Rb6 37. Ra4 Rxb2 38. Rxd4 Rd2 39. Qxd2 Bxd2 40. Rxd2 Qe3
41. Rfd1 Rc1 0-1

[Event "TCh-FRA Top 12 2021"]
[Site "Chalons en Champagne FRA"]
[Date "2021.07.02"]
[Round "9.2"]
[Board "5"]
[White "David, Alberto"]
[Black "Cantin, Loic"]
[Result "1-0"]
[WhiteTitle "GM"]
[WhiteElo "2527"]
[BlackElo "2182"]
[WhiteTeam "Echiquier Chalonnais"]
[BlackTeam "US Villejuif Echecs"]
[WhiteFideId "4000013"]
[BlackFideId "679070"]
[EventDate "2021.06.24"]

1. e4 c5 2. Nf3 e6 3. d3 d5 4. Qe2 Nf6 5. g3 Nc6 6. Bg2 g6 7. O-O Bg7 8. c3 O-O
9. e5 Nd7 10. d4 a5 11. Bg5 Qb6 12. Rd1 a4 13. Na3 Qa5 14. Bd2 Qd8 15. Rac1 h6
16. h4 b6 17. Bf4 Kh7 18. Qc2 f5 19. exf6 Nxf6 20. Nb5 Ne4 21. h5 Kh8 22. Nh4 g5
23. Ng6+ Kg8 24. Bc7 Rxf2 25. Bxd8 Rxc2 26. Rxc2 Nxd8 27. Bxe4 dxe4 28. dxc5 Nc6
29. cxb6 Rb8 30. Na7 Bb7 31. Nxc6 1-0

[Event "TCh-FRA Top 12 2021"]
[Site "Chalons en Champagne FRA"]
[Date "2021.07.02"]
[Round "9.2"]
[Board "6"]
[White "Caille, Hugo"]
[Black "Guilleux, Fabien"]
[Result "1/2-1/2"]
[BlackTitle "IM"]
[WhiteElo "2182"]
[BlackElo "2448"]
[WhiteTeam "US Villejuif Echecs"]
[BlackTeam "Echiquier Chalonnais"]
[WhiteFideId "20681348"]
[BlackFideId "657883"]
[EventDate "2021.06.24"]

1. d4 Nf6 2. Bg5 Ne4 3. Bf4 d5 4. e3 c5 5. Nd2 Nxd2 6. Qxd2 Nc6 7. c3 cxd4 8.
exd4 Bf5 9. Bd3 Bxd3 10. Qxd3 e6 11. Nf3 Bd6 12. Bxd6 Qxd6 13. O-O h6 14. Rae1
O-O-O 15. b4 Rd7 16. a4 Kb8 17. Nd2 Rc8 18. Nb3 b6 19. a5 Rb7 20. Ra1 g6 21.
axb6 axb6 22. Ra6 Qc7 23. Rfa1 Na7 24. Nc5 bxc5 25. dxc5 Qe5 26. c6 Nxc6 27. b5
Na7 28. b6 Qxc3 29. bxa7+ Ka8 30. Qd1 Rbc7 31. Rb6 Qxa1 32. Rb8+ Kxa7 33. Qxa1+
Kxb8 34. Qb2+ Rb7 35. Qe5+ Ka8 36. h4 h5 37. Qd6 Rb1+ 38. Kh2 Kb7 39. Kg3 Rb6
40. Qd7+ Rc7 41. Qd8 Rb4 42. f3 Rbc4 43. Kf2 Kc6 44. Ke3 Rd7 45. Qc8+ Kd6 46.
Qf8+ Kc7 47. Kd3 Rxh4 48. Qc5+ Kb7 49. g4 Rh1 50. Qb5+ Kc8 51. Qc5+ Rc7 52. Qf8+
Kb7 53. Qb4+ Kc6 54. Qa4+ Kd6 55. Qb4+ Kd7 56. Qf8 Kc6 57. Qe8+ Kd6 58. Qf8+ Kc6
59. Qe8+ Rd7 60. Qc8+ Kd6 61. Qf8+ Kc7 62. Qc5+ Kb7 63. Qb5+ Kc8 64. Qc5+ Rc7
65. Qf8+ Kb7 66. Qb4+ Kc6 67. Qa4+ Kd6 68. Qb4+ Kd7 69. Qf8 Kc6 1/2-1/2

[Event "TCh-FRA Top 12 2021"]
[Site "Chalons en Champagne FRA"]
[Date "2021.07.02"]
[Round "9.2"]
[Board "7"]
[White "Bournel, Antoine"]
[Black "Saatdjian, Stephane"]
[Result "1-0"]
[WhiteElo "2293"]
[BlackElo "2131"]
[WhiteTeam "Echiquier Chalonnais"]
[BlackTeam "US Villejuif Echecs"]
[WhiteFideId "26093553"]
[BlackFideId "644480"]
[EventDate "2021.06.24"]

1. d4 Nf6 2. c4 c5 3. d5 b5 4. cxb5 a6 5. bxa6 g6 6. Nc3 Bg7 7. e4 O-O 8. Bc4
Qa5 9. Bd2 Bxa6 10. b3 d6 11. Nf3 Nfd7 12. Na4 Qc7 13. Rc1 Bxc4 14. Rxc4 Nb6 15.
Nxb6 Qxb6 16. Qb1 Ra3 17. O-O Qa7 18. Rc2 Nd7 19. Bc1 Ra6 20. Bb2 Nf6 21. Re1
Ra8 22. Bxf6 Bxf6 23. Ree2 Ra3 24. g3 Qa6 25. Kg2 Qd3 26. Re3 Qa6 27. Ree2 Qd3
28. Qe1 Qa6 29. Qd2 Qb7 30. h4 h5 31. Ne1 R8a6 32. Nd3 Kg7 33. Re3 Qa8 34. Nc1
Bd4 35. Rf3 Qe8 36. Ne2 Be5 37. Re3 Kh7 38. Ng1 Qa8 39. Re2 Bg7 40. Nf3 Kg8 41.
Ne1 Bd4 1-0

[Event "TCh-FRA Top 12 2021"]
[Site "Chalons en Champagne FRA"]
[Date "2021.07.02"]
[Round "9.2"]
[Board "8"]
[White "Afraoui, Solenn"]
[Black "Alexieva, Silvia"]
[Result "1-0"]
[BlackTitle "IM"]
[WhiteElo "1889"]
[BlackElo "2271"]
[WhiteTeam "US Villejuif Echecs"]
[BlackTeam "Echiquier Chalonnais"]
[WhiteFideId "625167"]
[BlackFideId "2902265"]
[EventDate "2021.06.24"]

1. e4 c5 2. Nf3 d6 3. d4 cxd4 4. Nxd4 Nf6 5. Nc3 g6 6. g3 Nc6 7. Nde2 Bd7 8. Bg2
Qc8 9. h3 Bg7 10. Be3 O-O 11. a4 a5 12. f4 Rd8 13. Bb6 Re8 14. Nd5 Ra6 15. Bf2
e5 16. Nb6 Qd8 17. Nxd7 Qxd7 18. f5 gxf5 19. exf5 e4 20. O-O d5 21. g4 e3 22.
Bh4 Ne4 23. f6 Bf8 24. Rf5 d4 25. Rh5 Nb4 26. c3 Nf2 27. Qb1 Nbd3 28. Bxf2 exf2+
29. Kf1 dxc3 30. Rd5 Qe6 31. Qxd3 cxb2 32. Rd1 Qxf6 33. Rf5 Rd6 34. Bd5 Rxd5 35.
Qxd5 Rd8 36. Rxf6 Rxd5 37. Rb1 Rd3 38. Rxf2 Bg7 39. Nf4 Ra3 40. Kg2 Rxa4 41. Nh5
Bd4 42. Rfxb2 Bxb2 43. Rxb2 f5 44. Rxb7 fxg4 45. Nf6+ Kf8 46. Nxh7+ Ke8 47. Nf6+
Kf8 48. hxg4 Rf4 49. g5 Rf5 50. Kh3 a4 51. Ra7 a3 52. Rxa3 Kf7 53. Kg4 Rf1 54.
Nd5 Rd1 55. Nf4 Rb1 56. Ra7+ Kg8 57. Kf5 Rb8 58. Ne6 Kh8 59. Rd7 1-0